000 00535nam a2200181 i 4500
001 55709
003 ES-MaACL
005 20230906163213.0
007 t|
008 030925s1969 sp ||||1| spa d
100 1 _aDeutscher, Isaac.
_943984
245 1 0 _aIronías de la historia /
_cIsaac Deutscher ; [traducción de Juan Ramón Capella].
250 _a[1ª ed.].
260 _a[Barcelona] :
_bPenínsula,
_c[1969]
300 _a309 p. ;
_c20 cm.
700 1 _aCapella, Juan-Ramón.
_934819
852 _aES-MaACL
_jC-39468
_bR.70906
999 _c55709
_d55709